000 00408nam a22001817a 4500
008 240214b |||||||| |||| 00| 0 eng d
020 _a9789390777587
040 _a30
082 _a617.3 LOH
100 _aLOHITH , B.A
110 _bAYURVEDA
245 _aTEXTBOOK OF PANCHAKARMA
250 _a2 ND
260 _aVARANASI
_bCHAUKHAMBA
_c2023
300 _a446
650 _aPANCHAKARMA
942 _c01
999 _c58243
_d58243